[Event "Open Brno 2014"]
[Site "Brno CZE"]
[Date "2014.11.17"]
[Round "3.16"]
[White "Davis, Lee"]
[Black "Frej, Zofia"]
[Result "1/2-1/2"]
[WhiteElo "1971"]
[BlackElo "1713"]
[PlyCount "62"]
[EventDate "2014.11.15"]
[EventType "swiss"]
[EventRounds "9"]
[EventCountry "CZE"]
[Source "lmi"]
[SourceDate "2014.11.15"]

1. d4 d5 2. g3 e6 3. Bg2 c5 4. Nf3 Nc6 5. O-O Nf6 6. c4 dxc4 7. Qa4 Qa5 8. Qxa5
Nxa5 9. Nc3 Bd7 10. Bd2 Nc6 11. Nb5 Rc8 12. dxc5 Bxc5 13. Bf4 O-O 14. Bd6 Ne7
15. Bxc5 Rxc5 16. Nd6 Nf5 17. Nxf5 exf5 18. Rfd1 Bc6 19. Rac1 Bxf3 20. Bxf3 b5
21. Bb7 g6 22. Rd6 Kg7 23. f3 Rb8 24. Ba6 Ne8 25. b4 Re5 26. Rd7 Rxe2 27. a4
Rb2 28. Bxb5 Rxb4 29. Rxa7 Nd6 30. Rc7 Nxb5 31. axb5 R8xb5 1/2-1/2

[Event "Open Brno 2014"]
[Site "Brno CZE"]
[Date "2014.11.17"]
[Round "3.17"]
[White "Schoeppe, Christian"]
[Black "Kopecek, Ivan"]
[Result "0-1"]
[WhiteElo "1640"]
[BlackElo "1938"]
[PlyCount "36"]
[EventDate "2014.11.15"]
[EventType "swiss"]
[EventRounds "9"]
[EventCountry "CZE"]
[Source "lmi"]
[SourceDate "2014.11.15"]

1. e4 e5 2. c3 d5 3. Nf3 dxe4 4. Qa4+ Nd7 5. Qxe4 Ngf6 6. Qc2 e4 7. Nd4 Ne5 8.
d3 c5 9. f4 Nxd3+ 10. Bxd3 exd3 11. Qxd3 cxd4 12. O-O dxc3 13. Qxd8+ Kxd8 14.
Nxc3 Bc5+ 15. Kh1 Re8 16. a3 Re7 17. b4 Bb6 18. Nb5 Ne4 0-1

[Event "Open Brno 2014"]
[Site "Brno CZE"]
[Date "2014.11.17"]
[Round "3.18"]
[White "Stanek, Stanislav"]
[Black "Svoboda, Zdenek"]
[Result "1-0"]
[WhiteElo "1938"]
[BlackElo "1691"]
[PlyCount "82"]
[EventDate "2014.11.15"]
[EventType "swiss"]
[EventRounds "9"]
[EventCountry "CZE"]
[Source "lmi"]
[SourceDate "2014.11.15"]

1. Nc3 d5 2. e4 dxe4 3. Nxe4 Bf5 4. Ng3 Bg6 5. d4 e6 6. Bd3 c6 7. c3 Bd6 8. Nf3
Nd7 9. O-O Ne7 10. Re1 Qc7 11. Ne4 Bf4 12. g3 Bxc1 13. Rxc1 O-O-O 14. Qc2 Bh5
15. Nh4 Ng6 16. Nxg6 Bxg6 17. Ng5 Nf6 18. f3 h6 19. Nh3 Bxd3 20. Qxd3 g5 21.
Qe2 Rd5 22. Nf2 h5 23. Ne4 Qe7 24. Qe3 g4 25. Rf1 h4 26. Nxf6 Qxf6 27. fxg4 Qg6
28. h3 hxg3 29. Kg2 f5 30. Rf4 fxg4 31. Rxg4 Qh7 32. Qxe6+ Kb8 33. Rxg3 Rf5 34.
Rg1 Rhf8 35. Kh2 Rf2+ 36. Kh1 Qc2 37. Qe5+ Kc8 38. Rg7 R8f7 39. Rxf7 Rxf7 40.
Qe8+ Kc7 41. Qxf7+ Kb6 1-0

[Event "Open Brno 2014"]
[Site "Brno CZE"]
[Date "2014.11.17"]
[Round "3.19"]
[White "Glacner, Karel"]
[Black "Borisek, Anze"]
[Result "0-1"]
[WhiteElo "1543"]
[BlackElo "1934"]
[PlyCount "131"]
[EventDate "2014.11.15"]
[EventType "swiss"]
[EventRounds "9"]
[EventCountry "CZE"]
[Source "lmi"]
[SourceDate "2014.11.15"]

1. g3 c6 2. Nf3 d5 3. d4 e6 4. Bg2 f5 5. Bf4 Nf6 6. Be5 Bd6 7. O-O O-O 8. Qc1
a5 9. a4 Na6 10. Rd1 Qe7 11. c3 Bd7 12. Qf4 Ne8 13. Nbd2 Rb8 14. c4 Bxe5 15.
Nxe5 Nd6 16. c5 Ne4 17. h4 Nxd2 18. Rxd2 Nb4 19. Qg5 Qxg5 20. hxg5 Rbd8 21. Bf3
Be8 22. e3 Bg6 23. Ra3 Rfe8 24. Be2 Re7 25. f4 Rb8 26. Rb3 Be8 27. Nd3 Nxd3 28.
Rdxd3 b5 29. axb5 cxb5 30. Rbc3 b4 31. Rc1 b3 32. c6 Rc7 33. Ra1 Rxc6 34. Rxa5
Rc1+ 35. Bd1 Bh5 36. Kf2 Bxd1 37. Rc5 Rxc5 38. dxc5 Bc2 39. Rc3 Kf8 40. c6 Ke7
41. Ke2 Rc8 42. Rc5 Kd6 43. Ra5 g6 44. c7 Rxc7 45. Ra6+ Kd7 46. Rb6 Ra7 47. Kf3
Bd1+ 48. Kf2 Ra2 49. Ke1 Ra1 50. Kd2 Bh5 51. Rxb3 Rg1 52. Rb7+ Kc6 53. Rxh7
Rxg3 54. Ra7 Rg2+ 55. Kc3 e5 56. b4 d4+ 57. Kd3 dxe3 58. fxe5 e2 59. Ra1 Rg3+
60. Kc2 Re3 61. Kd2 e1=Q+ 62. Rxe1 Rxe1 63. Kxe1 Kd5 64. b5 Kxe5 65. b6 Ke6 66.
Kd2 0-1

[Event "Open Brno 2014"]
[Site "Brno CZE"]
[Date "2014.11.17"]
[Round "3.20"]
[White "Vucko, Maja"]
[Black "Kures, Michael"]
[Result "1-0"]
[WhiteElo "1923"]
[BlackElo "1493"]
[PlyCount "57"]
[EventDate "2014.11.15"]
[EventType "swiss"]
[EventRounds "9"]
[EventCountry "CZE"]
[Source "lmi"]
[SourceDate "2014.11.15"]

1. e4 e5 2. Nf3 Nc6 3. Bb5 Nf6 4. O-O d6 5. Re1 Bg4 6. c3 a6 7. Ba4 b5 8. Bc2
Be7 9. h3 Bh5 10. d3 d5 11. Nbd2 O-O 12. Nf1 Bc5 13. Ng3 Bxf3 14. Qxf3 d4 15.
Nf5 Kh8 16. Bg5 a5 17. Qg3 Rg8 18. Bb3 h6 19. Qh4 dxc3 20. Nxh6 Bxf2+ 21. Qxf2
Qd4 22. Nxf7+ Kh7 23. Be3 Qxd3 24. Qh4+ Kg6 25. Qg5+ Kh7 26. Qf5+ g6 27. Qxf6
cxb2 28. Qh4+ Kg7 29. Bh6+ 1-0

[Event "Open Brno 2014"]
[Site "Brno CZE"]
[Date "2014.11.17"]
[Round "3.21"]
[White "Gurtovoi, Borys"]
[Black "Tajovsky, Matej"]
[Result "1-0"]
[WhiteElo "1919"]
[BlackElo "1429"]
[PlyCount "99"]
[EventDate "2014.11.15"]
[EventType "swiss"]
[EventRounds "9"]
[EventCountry "CZE"]
[Source "lmi"]
[SourceDate "2014.11.15"]

1. d4 d5 2. Nf3 Nf6 3. Bf4 e6 4. e3 Nbd7 5. Bd3 Be7 6. Nbd2 b6 7. Bb5 Bb7 8.
Ne5 O-O 9. Nc6 Qe8 10. Bxc7 Bxc6 11. Bxc6 Rc8 12. Bxd7 Qxd7 13. Bg3 Qc6 14. c3
Qb5 15. Nb3 a5 16. Qe2 Qxe2+ 17. Kxe2 Ne4 18. Nd2 Nxg3+ 19. hxg3 b5 20. Rac1 a4
21. f4 Rc7 22. a3 Rfc8 23. g4 b4 24. axb4 Bxb4 25. Ra1 Be7 26. Rxa4 Rb7 27. Rb1
f6 28. Kd3 Kf7 29. b4 Rbc7 30. Rb3 Bd6 31. g3 e5 32. Rba3 e4+ 33. Kc2 Ke6 34.
Kb2 g5 35. Ra8 Bxb4 36. R3a6+ Bd6 37. Rxc8 Rxc8 38. c4 Rb8+ 39. Kc3 Rc8 40. c5
Rd8 41. Rxd6+ Rxd6 42. cxd6 Kxd6 43. Kb4 Kc6 44. Ka5 h6 45. fxg5 fxg5 46. Nb3
Kc7 47. Kb5 Kd6 48. Kb6 Ke7 49. Kc6 Ke6 50. Nc5+ 1-0

[Event "Open Brno 2014"]
[Site "Brno CZE"]
[Date "2014.11.17"]
[Round "3.22"]
[White "Spodny, Josef"]
[Black "Glozar, Petr"]
[Result "1-0"]
[WhiteElo "1981"]
[BlackElo "1665"]
[PlyCount "43"]
[EventDate "2014.11.15"]
[EventType "swiss"]
[EventRounds "9"]
[EventCountry "CZE"]
[Source "lmi"]
[SourceDate "2014.11.15"]

1. e4 c5 2. Nf3 Nc6 3. Bb5 g6 4. O-O Bg7 5. Re1 e6 6. Bxc6 bxc6 7. Nc3 Ne7 8.
e5 Ba6 9. Ne4 O-O 10. Nxc5 Bc8 11. Ne4 Ba6 12. d3 Rb8 13. Rb1 Qa5 14. Bd2 Qc7
15. Bg5 Nd5 16. c4 Nb6 17. Be7 Rfe8 18. Bd6 Qd8 19. Bxb8 Qxb8 20. Qd2 Rd8 21.
Nf6+ Kh8 22. Ng5 1-0

[Event "Open Brno 2014"]
[Site "Brno CZE"]
[Date "2014.11.17"]
[Round "3.23"]
[White "Zemlicka, Vit"]
[Black "Bata, Jiri"]
[Result "1-0"]
[WhiteElo "1899"]
[BlackElo "1589"]
[PlyCount "103"]
[EventDate "2014.11.15"]
[EventType "swiss"]
[EventRounds "9"]
[EventCountry "CZE"]
[Source "lmi"]
[SourceDate "2014.11.15"]

1. e4 Nf6 2. e5 Nd5 3. c4 Nb6 4. d4 d6 5. exd6 cxd6 6. Nc3 g6 7. Be3 Bg7 8. Rc1
O-O 9. b3 Nc6 10. d5 Ne5 11. Be2 f5 12. f4 Ng4 13. Bxg4 fxg4 14. Nge2 Nd7 15.
O-O Nf6 16. Nd4 a6 17. Qd2 Bf5 18. Rfe1 Qd7 19. Bf2 Rae8 20. Ne6 Bxe6 21. Rxe6
Nh5 22. g3 Rf6 23. Re2 Rf5 24. Rce1 Nf6 25. Bd4 Nh5 26. Ne4 Bxd4+ 27. Qxd4 Rff8
28. Ng5 Ng7 29. Re4 Nf5 30. Qd3 h6 31. Ne6 Rf7 32. Qe2 h5 33. Qd3 Rh7 34. Ng5
Rg7 35. Re6 Rf8 36. R6e4 Re8 37. Qc3 Qc8 38. Kg2 Qd7 39. Qd3 Qc8 40. Rc1 Qc5
41. Ne6 Qa3 42. Nxg7 Kxg7 43. Rc2 Qc5 44. Qc3+ Kh6 45. b4 Qc8 46. c5 dxc5 47.
bxc5 Qd7 48. Qe5 Rc8 49. Qe6 Qd8 50. c6 bxc6 51. Rxc6 Rb8 52. Qxg6# 1-0

[Event "Open Brno 2014"]
[Site "Brno CZE"]
[Date "2014.11.17"]
[Round "3.24"]
[White "Simkin, Alexander"]
[Black "Romanek, Zdenek"]
[Result "1-0"]
[WhiteElo "1890"]
[BlackElo "1648"]
[PlyCount "117"]
[EventDate "2014.11.15"]
[EventType "swiss"]
[EventRounds "9"]
[EventCountry "CZE"]
[Source "lmi"]
[SourceDate "2014.11.15"]

1. Nf3 d5 2. d4 Nf6 3. c4 c6 4. e3 e6 5. Bd3 Be7 6. O-O O-O 7. Nc3 dxc4 8. Bxc4
b5 9. Bd3 a6 10. Qc2 h6 11. h3 Nbd7 12. Rd1 Bb7 13. e4 Rc8 14. Be3 c5 15. e5
Bxf3 16. gxf3 cxd4 17. Bxd4 Nd5 18. Qd2 Bg5 19. Qe1 Bf4 20. Qe4 Qg5+ 21. Kh1 g6
22. Rg1 Qh5 23. Bf1 Bxe5 24. Nxd5 exd5 25. Qxd5 Qf5 26. Re1 Rce8 27. Bxe5 Nxe5
28. Rg3 Kh7 29. Re4 Qf6 30. Kg2 Re6 31. Qb3 h5 32. Qb4 Rfe8 33. Rf4 Qe7 34.
Qxe7 R8xe7 35. h4 f6 36. Re4 Kg7 37. f4 Ng4 38. Rxe6 Rxe6 39. Rc3 f5 40. Rc2
Re4 41. Kg3 Re6 42. Rc7+ Kh6 43. Rc2 Rd6 44. Be2 Nf6 45. Bf3 Nd7 46. Rc6 Rd2
47. Rxa6 Rxb2 48. Bd5 Nf8 49. Ra7 Rd2 50. Bg8 Rd3+ 51. f3 Rd7 52. Rxd7 Nxd7 53.
Kf2 Nc5 54. Ke3 Kg7 55. Bd5 Kf6 56. Kd4 Na4 57. Bc6 Nb2 58. Bxb5 Nd1 59. a4 1-0

[Event "Open Brno 2014"]
[Site "Brno CZE"]
[Date "2014.11.17"]
[Round "3.25"]
[White "Rusek, Walter"]
[Black "Veznik, Michael"]
[Result "1/2-1/2"]
[WhiteElo "1798"]
[BlackElo "1839"]
[PlyCount "49"]
[EventDate "2014.11.15"]
[EventType "swiss"]
[EventRounds "9"]
[EventCountry "CZE"]
[Source "lmi"]
[SourceDate "2014.11.15"]

1. d4 e6 2. c4 f5 3. Nf3 Nf6 4. g3 Be7 5. b3 Ne4 6. Bg2 Bf6 7. Bb2 c5 8. O-O
Nc6 9. e3 O-O 10. Qe2 d6 11. Rd1 Qe7 12. Ne1 Bd7 13. f3 Ng5 14. dxc5 dxc5 15.
Nc3 a6 16. Nd3 Rad8 17. Na4 Bxb2 18. Qxb2 Nb4 19. Naxc5 Nxd3 20. Nxd3 Bc6 21.
Qe2 e5 22. Nf2 Qc5 23. Nd3 Qe7 24. Nf2 Qc5 25. Nd3 1/2-1/2

[Event "Open Brno 2014"]
[Site "Brno CZE"]
[Date "2014.11.17"]
[Round "3.26"]
[White "Zuziak, Petr"]
[Black "Hrdlicka, Vladan"]
[Result "1-0"]
[WhiteElo "1744"]
[BlackElo "1797"]
[PlyCount "69"]
[EventDate "2014.11.15"]
[EventType "swiss"]
[EventRounds "9"]
[EventCountry "CZE"]
[Source "lmi"]
[SourceDate "2014.11.15"]

1. d4 d5 2. Nf3 Nf6 3. e3 Bg4 4. h3 Bf5 5. Nh4 Bc8 6. Bd3 c5 7. b3 e6 8. Nf3
cxd4 9. exd4 Bb4+ 10. c3 Ba5 11. O-O Nc6 12. Ba3 Ne7 13. Qc2 O-O 14. Ne5 Re8
15. Nd2 Nf5 16. g4 Nd6 17. Bxd6 Qxd6 18. g5 Bc7 19. gxf6 gxf6 20. Bxh7+ Kg7 21.
f4 fxe5 22. fxe5 Qe7 23. Rf6 Bd7 24. Raf1 Kh8 25. Nf3 Rg8+ 26. Bxg8 Rxg8+ 27.
Kh1 Rg7 28. Qf2 Bd8 29. Ng5 Kg8 30. Nxf7 Bb5 31. Nh6+ Kh8 32. Rf8+ Kh7 33. Qc2+
Kxh6 34. R1f6+ Qxf6 35. exf6 1-0

[Event "Open Brno 2014"]
[Site "Brno CZE"]
[Date "2014.11.17"]
[Round "3.27"]
[White "Aleksandravicius, Darius"]
[Black "Zejda, Karel"]
[Result "0-1"]
[WhiteElo "1722"]
[BlackElo "1773"]
[PlyCount "86"]
[EventDate "2014.11.15"]
[EventType "swiss"]
[EventRounds "9"]
[EventCountry "CZE"]
[Source "lmi"]
[SourceDate "2014.11.15"]

1. c4 Nf6 2. Nc3 e6 3. e4 c5 4. e5 Ng8 5. Nf3 d5 6. exd6 Bxd6 7. Be2 Nc6 8. Nb5
Be7 9. d4 a6 10. Nc3 cxd4 11. Ne4 Nf6 12. Ng3 Bb4+ 13. Nd2 d3 14. Bf3 Nd4 15.
O-O O-O 16. a3 Nxf3+ 17. Qxf3 Be7 18. Rd1 e5 19. h3 Qd4 20. Rb1 Rd8 21. b3 Qb6
22. Nde4 Nxe4 23. Nxe4 f5 24. Nc3 e4 25. Qg3 Bd6 26. Qh4 Be6 27. Be3 Qc7 28.
Na4 Rf8 29. c5 Be5 30. f4 Bf6 31. Qf2 Qf7 32. Nb6 Rad8 33. b4 Bb3 34. Rd2 Bc2
35. Rxc2 dxc2 36. Qxc2 Rd3 37. Nc4 Rfd8 38. Bd2 R3d4 39. Nd6 Qd5 40. Bc3 Rd3
41. Bxf6 gxf6 42. Qe2 Rd2 43. Qh5 e3 0-1

[Event "Open Brno 2014"]
[Site "Brno CZE"]
[Date "2014.11.17"]
[Round "3.28"]
[White "Kosina, Vladimir"]
[Black "Nemec, Jakub"]
[Result "1-0"]
[WhiteElo "1763"]
[BlackElo "1523"]
[PlyCount "65"]
[EventDate "2014.11.15"]
[EventType "swiss"]
[EventRounds "9"]
[EventCountry "CZE"]
[Source "lmi"]
[SourceDate "2014.11.15"]

1. Nc3 c5 2. a3 Nc6 3. e4 g6 4. f4 Bg7 5. Bc4 e6 6. Nf3 Nge7 7. Ba2 O-O 8. O-O
d6 9. d3 a6 10. Kh1 b5 11. Be3 Rb8 12. Rb1 a5 13. Ne2 Qc7 14. Qe1 a4 15. Qh4 b4
16. Nd2 Ba6 17. Bc4 Bxc4 18. Nxc4 bxa3 19. bxa3 Rxb1 20. Rxb1 Rb8 21. Qe1 Rb7
22. Rxb7 Qxb7 23. Nxd6 Qb2 24. Qc1 Qb6 25. Nc4 Qa7 26. Qb1 Nc8 27. Qb5 N8e7 28.
Bxc5 Qc7 29. g3 Qd8 30. Kg2 e5 31. Bxe7 Nxe7 32. Nxe5 Qd6 33. Nc4 1-0

[Event "Open Brno 2014"]
[Site "Brno CZE"]
[Date "2014.11.17"]
[Round "3.29"]
[White "Snasel, Michal"]
[Black "Trochta, Vojtech"]
[Result "0-1"]
[WhiteElo "1704"]
[BlackElo "1751"]
[PlyCount "64"]
[EventDate "2014.11.15"]
[EventType "swiss"]
[EventRounds "9"]
[EventCountry "CZE"]
[Source "lmi"]
[SourceDate "2014.11.15"]

1. e4 e6 2. Nf3 d5 3. e5 c5 4. b4 cxb4 5. a3 Nc6 6. axb4 Bxb4 7. c3 Ba5 8. d4
Nge7 9. Bd3 Ng6 10. h4 f5 11. h5 Nge7 12. h6 g6 13. Bg5 Qb6 14. O-O O-O 15. Qe2
a6 16. Qa2 Qa7 17. c4 Bd8 18. Qb2 dxc4 19. Bxc4 b5 20. Ba2 Nd5 21. Rd1 Bxg5 22.
Nxg5 Qe7 23. Qc1 Ncb4 24. Bb3 Bb7 25. Qd2 f4 26. Nf3 g5 27. Na3 g4 28. Nh2 Qh4
29. f3 g3 30. Ng4 Rf5 31. Nc2 Rh5 32. Nf6+ Kf7 0-1

[Event "Open Brno 2014"]
[Site "Brno CZE"]
[Date "2014.11.18"]
[Round "4.1"]
[White "Kourousis, Epaminondas"]
[Black "Rehurek, Lukas"]
[Result "1-0"]
[WhiteElo "2380"]
[BlackElo "2188"]
[PlyCount "117"]
[EventDate "2014.11.15"]
[EventType "swiss"]
[EventRounds "9"]
[EventCountry "CZE"]
[Source "lmi"]
[SourceDate "2014.11.15"]

1. Nf3 Nf6 2. c4 c5 3. g3 g6 4. Bg2 Bg7 5. O-O O-O 6. Nc3 Nc6 7. d4 cxd4 8.
Nxd4 Nxd4 9. Qxd4 d6 10. Qd3 Bf5 11. e4 Be6 12. Bd2 Nd7 13. Qe2 Rc8 14. b3 a6
15. Rac1 Ne5 16. h3 Nxc4 17. bxc4 Bxc4 18. Qd1 Bxf1 19. Bxf1 Qd7 20. Qb3 Kh8
21. Nd5 Rxc1 22. Bxc1 b5 23. Bg5 f6 24. Be3 e5 25. Qa3 Qc6 26. Bg2 Ra8 27. Nb6
Ra7 28. Nd5 Ra8 29. Nb6 Ra7 30. Qa5 Qc7 31. h4 Ra8 32. Qa3 Rb8 33. Qxa6 Qc6 34.
Qa7 Qb7 35. Qa5 Qc6 36. Qa7 Qb7 37. Qa3 Qc6 38. Kh2 Qc7 39. Nd5 Qc6 40. Qb3 Rb7
41. Qd1 Qc4 42. a3 Rb8 43. h5 g5 44. Nxf6 Qe6 45. Nd5 h6 46. Bh3 Qf7 47. Bf5
Rb7 48. Kg2 Bf8 49. Bg6 Qe6 50. Qc2 Qd7 51. Bf5 Qe8 52. Bg6 Qd7 53. Qd2 Qd8 54.
Qc3 Qd7 55. Qc2 Bg7 56. Bd2 Ra7 57. Bb4 Rb7 58. Bf5 Qd8 59. Qc6 1-0

[Event "Open Brno 2014"]
[Site "Brno CZE"]
[Date "2014.11.18"]
[Round "4.2"]
[White "Ivanov, Mikhail M"]
[Black "Blahynka, Martin"]
[Result "0-1"]
[WhiteElo "2380"]
[BlackElo "2237"]
[PlyCount "74"]
[EventDate "2014.11.15"]
[EventType "swiss"]
[EventRounds "9"]
[EventCountry "CZE"]
[Source "lmi"]
[SourceDate "2014.11.15"]

1. d4 Nf6 2. Nf3 c5 3. d5 b5 4. Bg5 Qb6 5. Nc3 b4 6. Na4 Qa5 7. b3 d6 8. Nd2 g6
9. Nc4 Qc7 10. Bxf6 exf6 11. a3 Na6 12. axb4 cxb4 13. Qd4 Bg7 14. Qe3+ Kd8 15.
Qg3 Ke7 16. e3 f5 17. Ra2 Nc5 18. Bd3 Nxa4 19. Rxa4 Bc3+ 20. Ke2 a5 21. e4 fxe4
22. Bxe4 Bd7 23. Ra2 a4 24. Bd3 a3 25. Rd1 Bb5 26. Ne3 Qc5 27. Bxb5 Qxb5+ 28.
Rd3 Rac8 29. Qf4 Be5 30. Qh4+ Bf6 31. Qf4 Rc3 32. Nc4 Kf8 33. Kd1 Be5 34. Qf3
Rxc4 35. bxc4 Qxc4 36. Rb3 Qf1+ 37. Kd2 Bc3+ 0-1

[Event "Open Brno 2014"]
[Site "Brno CZE"]
[Date "2014.11.18"]
[Round "4.3"]
[White "Bartos, Jan"]
[Black "Kulon, Klaudia"]
[Result "0-1"]
[WhiteElo "2194"]
[BlackElo "2374"]
[PlyCount "128"]
[EventDate "2014.11.15"]
[EventType "swiss"]
[EventRounds "9"]
[EventCountry "CZE"]
[Source "lmi"]
[SourceDate "2014.11.15"]

1. d4 d5 2. c4 e6 3. Nf3 c6 4. e3 f5 5. Bd3 Nf6 6. O-O Bd6 7. b3 Qe7 8. Bb2 O-O
9. Qc1 b6 10. Ba3 c5 11. dxc5 bxc5 12. cxd5 Nxd5 13. Nc3 Nb4 14. Be2 a6 15. Rd1
Bb7 16. Na4 N8c6 17. Bb2 Nd5 18. Qd2 Rfd8 19. a3 Rab8 20. Rac1 Nf6 21. Bxf6
Qxf6 22. Qc3 Ne5 23. Nxe5 Bxe5 24. Qxc5 Bd6 25. Qc3 Qh6 26. g3 Bxa3 27. Qa5 Rd5
28. Rxd5 Bxd5 29. Qc7 Rxb3 30. Qd8+ Bf8 31. Rc8 Rb1+ 32. Bf1 Qf6 33. Qe8 Bf3
34. Nc3 Rc1 35. Ne2 Rxc8 36. Qxc8 e5 37. Nc3 a5 38. Qc7 Bb4 39. Bc4+ Kh8 40.
Nd5 Bxd5 41. Bxd5 g6 42. Bb3 Qe7 43. Qc4 Kg7 44. e4 f4 45. Qe6 Qxe6 46. Bxe6 f3
47. Bb3 g5 48. g4 Kf6 49. Bd1 Ke7 50. Bxf3 a4 51. Bd1 a3 52. Bb3 Kd6 53. Kf1
Kc5 54. Ke2 Kd4 55. f3 Kc3 56. Bg8 Kc2 57. Ke3 Bd2+ 58. Ke2 Bf4 59. h3 Kb2 60.
Kd3 a2 61. Bxa2 Kxa2 62. Kc4 Kb2 63. Kd5 Kc3 64. Ke6 Kd3 0-1

[Event "Open Brno 2014"]
[Site "Brno CZE"]
[Date "2014.11.18"]
[Round "4.4"]
[White "Constantinou, Peter"]
[Black "Shevchenko, Kirill"]
[Result "1/2-1/2"]
[WhiteElo "2298"]
[BlackElo "2141"]
[PlyCount "67"]
[EventDate "2014.11.15"]
[EventType "swiss"]
[EventRounds "9"]
[EventCountry "CZE"]
[Source "lmi"]
[SourceDate "2014.11.15"]

1. d4 Nf6 2. g3 d5 3. Nf3 e6 4. c4 Be7 5. Nbd2 O-O 6. Bg2 b6 7. O-O Bb7 8. b3
Nbd7 9. Bb2 c5 10. Rc1 Rc8 11. e3 Rc7 12. Ne5 Qa8 13. dxc5 bxc5 14. cxd5 exd5
15. Nxd7 Nxd7 16. e4 dxe4 17. Bxe4 Bf6 18. Bxb7 Qxb7 19. Bxf6 Nxf6 20. Qf3 Qxf3
21. Nxf3 Nd5 22. Rfd1 Nb6 23. Ne5 f6 24. Nc4 Nxc4 25. Rxc4 Rb8 26. Rdc1 Rb5 27.
b4 a6 28. Kg2 Kf7 29. bxc5 Ke6 30. R4c2 Rc6 31. h4 h5 32. Re2+ Kf5 33. Re7 g5
34. hxg5 1/2-1/2

[Event "Open Brno 2014"]
[Site "Brno CZE"]
[Date "2014.11.18"]
[Round "4.5"]
[White "Cherednichenko, Elena"]
[Black "Iwanow, Anna"]
[Result "0-1"]
[WhiteElo "2174"]
[BlackElo "2288"]
[PlyCount "60"]
[EventDate "2014.11.15"]
[EventType "swiss"]
[EventRounds "9"]
[EventCountry "CZE"]
[Source "lmi"]
[SourceDate "2014.11.15"]

1. d4 Nf6 2. Nf3 g6 3. Bf4 Bg7 4. e3 O-O 5. Be2 d6 6. h3 c5 7. c3 b6 8. O-O Bb7
9. Nbd2 Nbd7 10. Bh2 Rc8 11. Qa4 a6 12. c4 Re8 13. Rad1 Rc7 14. b4 cxb4 15.
Qxb4 Qa8 16. a4 a5 17. Qa3 Nb8 18. Ne1 Na6 19. f3 Nb4 20. Rc1 e5 21. Nb3 Bh6
22. Nc2 Nxc2 23. Rxc2 Nd5 24. Rb2 Nxe3 25. Rfb1 Nxc4 26. Bxc4 Rxc4 27. Qxd6
exd4 28. Be5 Be3+ 29. Kh1 Rc6 30. Qd5 Rce6 0-1

[Event "Open Brno 2014"]
[Site "Brno CZE"]
[Date "2014.11.18"]
[Round "4.6"]
[White "Snorek, Milan"]
[Black "Simantsev, Mikhail"]
[Result "0-1"]
[WhiteElo "2105"]
[BlackElo "2452"]
[PlyCount "72"]
[EventDate "2014.11.15"]
[EventType "swiss"]
[EventRounds "9"]
[EventCountry "CZE"]
[Source "lmi"]
[SourceDate "2014.11.15"]

1. d4 Nf6 2. Nf3 e6 3. c4 b6 4. a3 Bb7 5. Nc3 d5 6. Bg5 Be7 7. Qa4+ c6 8. Bxf6
Bxf6 9. cxd5 exd5 10. g3 O-O 11. Bg2 Re8 12. O-O Nd7 13. Rfd1 a5 14. Qc2 Qe7
15. e3 g6 16. Rac1 b5 17. Nb1 a4 18. Bh3 Nb6 19. b4 axb3 20. Qxb3 Nc4 21. Rd3
Bc8 22. Bxc8 Rexc8 23. Ne1 Qf8 24. Nc2 Be7 25. Re1 f5 26. f3 Bd6 27. e4 fxe4
28. fxe4 dxe4 29. Rxe4 Qf5 30. Ree3 Rf8 31. Rf3 Qd5 32. Nc3 Qe6 33. Rde3 Qg4
34. Ne4 Rxf3 35. Nxd6 Rxe3 36. Nxe3 Qxd4 0-1

[Event "Open Brno 2014"]
[Site "Brno CZE"]
[Date "2014.11.18"]
[Round "4.7"]
[White "Burnett, Andrew"]
[Black "Stanek, Stanislav"]
[Result "1-0"]
[WhiteElo "2269"]
[BlackElo "1938"]
[PlyCount "79"]
[EventDate "2014.11.15"]
[EventType "swiss"]
[EventRounds "9"]
[EventCountry "CZE"]
[Source "lmi"]
[SourceDate "2014.11.15"]

1. e4 e5 2. Nf3 d6 3. d4 Qe7 4. Nc3 c6 5. Bc4 Bg4 6. dxe5 dxe5 7. h3 Bxf3 8.
Qxf3 Qf6 9. Qg3 Bd6 10. Bg5 Qg6 11. O-O-O Ne7 12. Rxd6 Qxd6 13. Rd1 Qc7 14.
Bxe7 Qxe7 15. Qxg7 Rf8 16. Qxh7 Nd7 17. Qf5 O-O-O 18. g4 Kc7 19. g5 Rg8 20. h4
Rg7 21. Be2 Nc5 22. Rg1 Qe6 23. b4 Qxf5 24. exf5 Nd7 25. Ne4 Rh8 26. h5 Nb6 27.
c4 Nc8 28. Rd1 Rd8 29. Rxd8 Kxd8 30. f6 Rg8 31. c5 b5 32. Bg4 a6 33. h6 Ne7 34.
fxe7+ Kxe7 35. h7 Rh8 36. Nf6 Kf8 37. Bf5 Kg7 38. Ng8 Kf8 39. Kd2 Ke8 40. Ke3
1-0

[Event "Open Brno 2014"]
[Site "Brno CZE"]
[Date "2014.11.18"]
[Round "4.8"]
[White "Kratochvil, Josef"]
[Black "Vucko, Maja"]
[Result "1-0"]
[WhiteElo "2236"]
[BlackElo "1923"]
[PlyCount "91"]
[EventDate "2014.11.15"]
[EventType "swiss"]
[EventRounds "9"]
[EventCountry "CZE"]
[Source "lmi"]
[SourceDate "2014.11.15"]

1. e4 c5 2. Nf3 d6 3. d4 cxd4 4. Nxd4 Nf6 5. Nc3 g6 6. g3 Nc6 7. Nde2 b6 8. Bg2
Ba6 9. O-O Bg7 10. Re1 Bb7 11. a4 O-O 12. Nd5 Qd7 13. h3 Rac8 14. Bg5 Ne8 15.
Qc1 e6 16. Ndc3 Nb4 17. Rd1 Ba6 18. Nd4 Qc7 19. Kh2 Nf6 20. Ndb5 Bxb5 21. axb5
d5 22. Ra3 Qc5 23. Be3 Qe7 24. e5 Ne8 25. f4 f6 26. Rd4 a5 27. bxa6 Nc6 28. Rd1
fxe5 29. Bxb6 exf4 30. a7 fxg3+ 31. Kh1 Qb7 32. Qe3 Rf6 33. Nxd5 exd5 34. Bxd5+
Kh8 35. Bd4 Rd6 36. Bxg7+ Nxg7 37. Qf3 Ra8 38. Rad3 Nf5 39. Rb3 Qc8 40. Qc3+
Nfd4 41. Rb8 Rxb8 42. axb8=Q Qxb8 43. Rxd4 Ne5 44. Rb4 Qe8 45. Rb8 g2+ 46. Kxg2
1-0

[Event "Open Brno 2014"]
[Site "Brno CZE"]
[Date "2014.11.18"]
[Round "4.9"]
[White "Vesely, Jaromir"]
[Black "Semenova, Elena"]
[Result "1/2-1/2"]
[WhiteElo "2008"]
[BlackElo "2227"]
[PlyCount "126"]
[EventDate "2014.11.15"]
[EventType "swiss"]
[EventRounds "9"]
[EventCountry "CZE"]
[Source "lmi"]
[SourceDate "2014.11.15"]

1. d4 Nf6 2. c4 g6 3. g3 Bg7 4. Bg2 O-O 5. Nc3 d6 6. e4 e5 7. Nge2 exd4 8. Nxd4
Nbd7 9. O-O Re8 10. f3 Ne5 11. b3 Bd7 12. Be3 a6 13. Qd2 Nc6 14. Rad1 Nxd4 15.
Bxd4 Bc6 16. Nd5 Nxd5 17. cxd5 Bd7 18. Rf2 Rc8 19. Bxg7 Kxg7 20. Qd4+ Qf6 21.
Rc2 Qxd4+ 22. Rxd4 Kf6 23. a4 a5 24. Kf2 Ke7 25. g4 c5 26. dxc6 Rxc6 27. Rcd2
Be6 28. Bf1 Rb6 29. Bb5 Rc8 30. R4d3 f6 31. h4 h6 32. Kg3 Rc1 33. Re3 Rg1+ 34.
Kh2 Rc1 35. Kg2 Rc5 36. Kg3 Rc1 37. Rdd3 Rc5 38. f4 Bf7 39. Rc3 Rxc3 40. Rxc3
Be8 41. Bxe8 Kxe8 42. g5 hxg5 43. hxg5 fxg5 44. fxg5 Ke7 45. Kf4 Kd7 46. Rh3
Rb4 47. Rh7+ Ke6 48. Rg7 d5 49. Rxg6+ Kf7 50. Rf6+ Kg7 51. Kf5 dxe4 52. Re6
Rxb3 53. Re7+ Kf8 54. Rxe4 b5 55. Re5 bxa4 56. Rxa5 a3 57. Ra8+ Kg7 58. Ra7+
Kg8 59. Kg6 Rb6+ 60. Kh5 Rb4 61. Kh6 Rb6+ 62. g6 Rb8 63. Rxa3 Rc8 1/2-1/2

[Event "Open Brno 2014"]
[Site "Brno CZE"]
[Date "2014.11.18"]
[Round "4.10"]
[White "Kopecek, Ivan"]
[Black "Kratochvil, Karel"]
[Result "1/2-1/2"]
[WhiteElo "1938"]
[BlackElo "2148"]
[PlyCount "43"]
[EventDate "2014.11.15"]
[EventType "swiss"]
[EventRounds "9"]
[EventCountry "CZE"]
[Source "lmi"]
[SourceDate "2014.11.15"]

1. e4 c5 2. Nc3 e6 3. Nf3 Nf6 4. d4 cxd4 5. Nxd4 Bb4 6. Bd3 d5 7. e5 Nfd7 8. f4
Nc6 9. Nxc6 bxc6 10. O-O g6 11. Kh1 f5 12. Na4 O-O 13. g4 Be7 14. gxf5 gxf5 15.
Rg1+ Kh8 16. Qh5 Nc5 17. Nxc5 Bxc5 18. Rg3 Rg8 19. Bd2 Bb7 20. Be2 Rxg3 21.
hxg3 Qe8 22. Kg2 1/2-1/2